000 00912cam a2200217 i 4500
005 20260129100346.0
008 250721s2007 le gr 000 0 ara d
020 _a9953462356
082 1 4 _a368.956
_bم ؤ ت
111 2 _aالمؤتمر العلمي السنوي لكلية الحقوق :
_nالجزء الأول
_dمن 2006/4/24 ولغاية 2006/4/26 :
_cبيروت
_eمعد.
245 1 2 _aالجديد في مجال التأمين والضمان في العالم العربي /
_cجامعة بيروت العربية.
264 3 1 _aبيروت :
_bمنشورات الحلبي الحقوقية،
_c2007.
300 _a2 جزء.
650 1 7 _aالتامين.
650 1 7 _aالتامين البحري.
650 1 7 _aالتعويض.
650 1 7 _aسياسه التامين.
710 2 _aجامعة بيروت العربية
_eمعد.
942 _2ddc
_cBK
999 _c111145
_d111145